Management : a selected annotated bibliography
Salvato in:
| Autore principale: | |
|---|---|
| Altri autori: | |
| Natura: | Libro |
| Pubblicazione: |
Bradford :
MCB Publications,
1979
|
| Soggetti: | |
| Tags: |
Aggiungi Tag
Nessun Tag, puoi essere il primo ad aggiungerne!!
|
MARC
| LEADER | 00000nam a2200000 4500 | ||
|---|---|---|---|
| 020 | |a 9780905440897 | ||
| 040 | |a MUL |b eng |e AACR | ||
| 082 | |a REF 658.068 MAN | ||
| 100 | |a Cameron, Marsaili | ||
| 245 | |a Management : |b a selected annotated bibliography |c / compiled by Barrie, O. Pettman | ||
| 260 | |a Bradford : |b MCB Publications, |c 1979 | ||
| 300 | |a vol. 21, 295 p. : |c 27 cm. | ||
| 500 | |a Management Decision Volume 21 number 5 1983 | ||
| 650 | |a Management | ||
| 650 | |a Marketing | ||
| 700 | |a Pettman, Barrie O. | ||
| 942 | |c BK | ||
| 999 | |c 4508 |d 4508 | ||